000
00267nam a2200109Ia 4500
008
220204s9999 xx 000 0 und d
082
_a
82-3
_b
SAM
100
_a
Sampson, Anthony
245
4
_a
The Arms Bazaar
260
_a
Kent
_b
Hodder and Stoughton
_c
1977
942
_c
BK
999
_c
35253
_d
35253